|
|
|
|
| LEADER |
00000nam0a2200000 4500 |
| 001 |
371669 |
| 005 |
20231102012413.0 |
| 035 |
|
|
|a (RuTPU)RU\TPU\retro\29079
|
| 035 |
|
|
|a RU\TPU\book\130249
|
| 090 |
|
|
|a 371669
|
| 100 |
|
|
|a 20221102d1978 m y0rusy50 ca
|
| 101 |
0 |
|
|a gre
|a rus
|
| 102 |
|
|
|a RU
|
| 105 |
|
|
|a y j 001zy
|
| 200 |
1 |
|
|a Практический курс новогреческого языка
|e учебное пособие
|f М. Л. Рытова
|
| 205 |
|
|
|a 2-е изд., перераб.
|
| 210 |
|
|
|a Москва
|c Международные отношения
|d 1978
|
| 215 |
|
|
|a 320 с.
|
| 320 |
|
|
|a Словари: с. 283-315
|
| 606 |
1 |
|
|a Греческий язык
|2 stltpush
|3 (RuTPU)RU\TPU\subj\8639
|9 36011
|
| 610 |
1 |
|
|a лексика
|
| 610 |
1 |
|
|a фонетика
|
| 610 |
1 |
|
|a грамматика
|
| 610 |
1 |
|
|a разговорная речь
|
| 610 |
1 |
|
|a упражнения
|
| 610 |
1 |
|
|a практические задания
|
| 610 |
1 |
|
|a учебные пособия
|
| 686 |
|
|
|a Ш145
|2 rubbk
|
| 700 |
|
1 |
|a Рытова
|b М. Л.
|g Марина Львовна
|
| 801 |
|
1 |
|a RU
|b 63413507
|c 20070824
|g PSBO
|
| 801 |
|
2 |
|a RU
|b 63413507
|c 20221102
|g PSBO
|
| 942 |
|
|
|c BK
|